Brasília City Trivia - Statistics

General Stats
  • This quiz has been taken 55 times
  • The average score is 9 of 16
Answer Stats
Clue Answer % Correct
City that held the title of Brazilian capital before Brasília Rio de Janeiro
88%
President who founded Brasília—has a bridge and airport named after him Juscelino {Kubitschek}
69%
Second largest stadium in Brazil Mané {Garrincha}
69%
Top university (think hard) University of Brasília
67%
Official workplace of the Brazilian president Palácio do {Planalto}
63%
Brasília's layout as seen from a satellite view is often compared to this large object Airplane
61%
Architect of the Cathedral of Brasília Oscar {Niemeyer}
61%
Color that makes up most of Brasília's flag White
61%
Administrative unit created in 1960 for Brasília's completion Distrito Federal
59%
The above broke away from this state Goiás
59%
Brasília shares a short river border with this state to the east Minas Gerais
55%
Architectural style of Brasília Modernist
55%
Closest major city to Brasília (metro area > 1 million) Goiânia
53%
Largest manmade lake Paranoá Lake
51%
Region of tropical savannas that Brasília is part of The Cerrado
51%
Designation given to Brasília in 1987 UNESCO WorldHeritage Site
20%
No matching quizzes found
Score Distribution
Percent of People with Each Score
Percentile by Number Answered
Your Score History
You have not taken this quiz